000 00537nam a22001937a 4500
003 JO-AjAnu
005 20241019101445.0
008 241019b jo ||||| |||| 00| 0 ara d
020 _a9780500480847
040 _cJO-AjAnu
041 _heng
100 _aThames
_966265
_eauthor
245 _aMuseum of Islamic Art : The Collection
_c / Thames & Hudson
260 _aQatar :
_bQater Museums,
_c2022
300 _a592 pages
650 _vIslamic-Museum of Islamic Art
700 _aHudson
_eJoint Author
_966270
942 _2lcc
_cBK
_n0
999 _c33737
_d33737